[Event "GER-ch Seniors 50 31st"]
[Site "Radebeul"]
[Date "2019.04.29"]
[Round "4"]
[White "Siggelkow, Axel"]
[Black "Noldt, Torsten"]
[Result "1-0"]
[WhiteElo "1933"]
[BlackElo "2013"]
[PlyCount "103"]
[EventDate "2019.04.26"]
[EventType "swiss"]
[EventRounds "9"]
[EventCountry "GER"]
[SourceTitle "CBM 190 Extra"]
[Source "ChessBase"]
[SourceDate "2019.07.15"]
[SourceVersion "1"]
[SourceVersionDate "2019.07.15"]
[SourceQuality "1"]

1. d4 c5 2. d5 Nf6 3. c4 b5 4. cxb5 a6 5. Nc3 axb5 6. e4 d6 7. Bxb5+ Bd7 8. Qe2 Bxb5 9. Nxb5 g6 10. Nf3 Nbd7 11. 0-0 Bg7 12. a4 0-0 13. Bd2 Qb8 14. Bc3 Rc8 15. Rfd1 Ne8 16. Bxg7 Kxg7 17. Nd2 Nc7 18. Nxc7 Rxc7 19. Nc4 Rca7 20. a5 Qb5 21. Qd3 Rb8 22. f4 Qa6 23. Ra3 Rb4 24. Rc3 Qb5 25. e5 Ra6 26. Re1 Nf8 27. h3 Qb7 28. exd6 exd6 29. f5 Rxc4 30. Qxc4 Rxa5 31. Rb3 Qa7 32. Kh2 Ra4 33. Qc3+ Rd4 34. Ra3 Qb7 35. Re8 Qxd5 36. f6+ Kxf6 37. Rxf8 Kg7 38. Raa8 Kh6 39. Qe3+ g5 40. Qf3 Qe5+ 41. Qg3 Rf4 42. b3 Qd4 43. Ra4 Qe5 44. Rxf4 gxf4 45. Qf3 Kg7 46. Rd8 Kf6 47. h4 Ke7 48. Rc8 h5 49. Rc7+ Kf8 50. Ra7 d5 51. Ra2 d4 52. Rf2 1-0

[Event "GER-ch Seniors 50 31st"]
[Site "Radebeul"]
[Date "2019.04.28"]
[Round "3"]
[White "Wunder, Stefan"]
[Black "Siggelkow, Axel"]
[Result "1/2-1/2"]
[WhiteElo "2032"]
[BlackElo "1933"]
[PlyCount "89"]
[EventDate "2019.04.26"]
[EventType "swiss"]
[EventRounds "9"]
[EventCountry "GER"]
[SourceTitle "CBM 190 Extra"]
[Source "ChessBase"]
[SourceDate "2019.07.15"]
[SourceVersion "1"]
[SourceVersionDate "2019.07.15"]
[SourceQuality "1"]

1. Nf3 Nf6 2. g3 b6 3. Bg2 Bb7 4. 0-0 e6 5. b3 Be7 6. Bb2 0-0 7. c4 c5 8. Qc2 Nc6 9. a3 d6 10. Re1 a6 11. d3 Qc7 12. Nbd2 Rac8 13. Rad1 Rfe8 14. Qb1 Rcd8 15. e4 e5 16. Nf1 Nd4 17. Bc3 Bf8 18. Ne3 Bc8 19. Rd2 g6 20. Rb2 Bg4 21. Nxg4 Nxg4 22. b4 Rb8 23. Qd1 h5 24. h3 Nf6 25. Qd2 Bg7 26. Reb1 Nd7 27. bxc5 dxc5 28. Nh2 Nf8 29. Nf1 Kh7 30. Ne3 Bh6 31. Bxd4 cxd4 32. Nd5 Bxd2 33. Nxc7 Rec8 34. Nd5 Ba5 35. h4 b5 36. cxb5 axb5 37. Kh2 Bc3 38. Rb3 Rc5 39. Bh3 Kg7 40. Rc1 Ne6 41. Rcb1 Nc7 42. Nxc7 Rxc7 43. Rxb5 Rxb5 44. Rxb5 Ra7 45. Rb3 1/2-1/2

[Event "GER-ch Seniors 50 31st"]
[Site "Radebeul"]
[Date "2019.04.27"]
[Round "2"]
[White "Siggelkow, Axel"]
[Black "Mueller, Rudolf"]
[Result "1-0"]
[WhiteElo "1933"]
[BlackElo "2071"]
[PlyCount "59"]
[EventDate "2019.04.26"]
[EventType "swiss"]
[EventRounds "9"]
[EventCountry "GER"]
[SourceTitle "CBM 190 Extra"]
[Source "ChessBase"]
[SourceDate "2019.07.15"]
[SourceVersion "1"]
[SourceVersionDate "2019.07.15"]
[SourceQuality "1"]

1. d4 b6 2. Nf3 e6 3. g3 Bb7 4. Bg2 f5 5. 0-0 Bd6 6. c4 Nf6 7. Nc3 a6 8. d5 e5 9. e4 fxe4 10. Ng5 0-0 11. Ncxe4 Qe7 12. Qd3 g6 13. Nxf6+ Qxf6 14. Ne4 Qf5 15. Bh6 Rf7 16. h3 g5 17. Bxg5 Qg6 18. Rad1 a5 19. h4 Na6 20. h5 Qg7 21. Qe3 Bc5 22. Qc1 Bd4 23. b3 Nc5 24. Be3 Nxe4 25. Bxe4 Qg4 26. Bxd4 Qxe4 27. Qg5+ Kf8 28. Qxe5 Qf3 29. Qh8+ Ke7 30. Rde1+ 1-0

[Event "WchT Seniors 50"]
[Site "Radebeul"]
[Date "2016.07.04"]
[Round "9.22"]
[White "Siggelkow, Axel"]
[Black "Schultheis, Heinz"]
[Result "0-1"]
[WhiteElo "2038"]
[BlackElo "2114"]
[PlyCount "72"]
[EventDate "2016.06.26"]
[EventType "team-swiss"]
[EventRounds "9"]
[EventCountry "GER"]
[SourceTitle "CBM 173 Extra"]
[Source "ChessBase"]
[SourceDate "2016.08.29"]
[SourceVersion "1"]
[SourceVersionDate "2016.08.29"]
[SourceQuality "1"]
[WhiteTeam "Radebeul Chemie"]
[BlackTeam "Zeitz Schachfreunde"]
[WhiteTeamCountry "GER"]
[BlackTeamCountry "GER"]

1. d4 d5 2. c4 dxc4 3. Nf3 Nf6 4. e3 Be6 5. Na3 Bd5 6. Nxc4 e6 7. Be2 c5 8. 0-0 Nc6 9. a3 cxd4 10. Nxd4 Nxd4 11. Qxd4 Be7 12. Rd1 0-0 13. Nd2 Qc7 14. e4 e5 15. Qd3 Be6 16. b4 Rfd8 17. Qb1 Rac8 18. Bb2 Qc2 19. Qxc2 Rxc2 20. Bc1 Nxe4 21. Nxe4 Rxe2 22. Rxd8+ Bxd8 23. Be3 b6 24. Nc3 Rb2 25. Rd1 Be7 26. h3 Rb3 27. Nb5 a6 28. Nc7 h6 29. Bxb6 Rxa3 30. Ba5 Bc4 31. Rc1 Bd3 32. Nd5 Bg5 33. Rc8+ Kh7 34. Rc5 Be4 35. Nc7 Ra1+ 36. Kh2 Bf4+ 0-1

[Event "Liberec op 16th"]
[Site "Liberec"]
[Date "2016.02.19"]
[Round "8"]
[White "Bilczewski, Kacper"]
[Black "Siggelkow, Axel"]
[Result "1/2-1/2"]
[WhiteElo "2015"]
[BlackElo "2051"]
[PlyCount "34"]
[EventDate "2016.02.13"]
[EventType "swiss"]
[EventRounds "9"]
[EventCountry "CZE"]
[SourceTitle "CBM 170 Extra"]
[Source "ChessBase"]
[SourceDate "2016.02.25"]
[SourceVersion "1"]
[SourceVersionDate "2016.02.25"]
[SourceQuality "1"]

1. e4 c5 2. d3 e6 3. Nf3 Nc6 4. Nbd2 d6 5. g3 Nf6 6. Bg2 Be7 7. 0-0 0-0 8. Re1 Qc7 9. c3 e5 10. Qc2 b6 11. Nc4 Be6 12. Ne3 d5 13. Nh4 dxe4 14. dxe4 Rfd8 15. Nd5 Qc8 16. Nf5 Nxd5 17. Nxg7 Ndb4 1/2-1/2